000 01312cam a2200373ua 4500
001 4450615
003 ARRUPE
005 20141002142719.0
008 850920r19851970cau b 001 0 eng
010 _a85002414
020 _a089130858X (alk. paper)
035 _a(OCoLC)11916730
035 _a(OCoLC)ocm11916730
035 _a(NNC)4450615
040 _dCStRLIN
_dNNUT
_cchs
041 1 _aeng
_hger
050 0 _aBT304.95
_b.R45 1985
090 _aBT304.95
_b.R45 1985
100 1 _aReimarus, Hermann Samuel,
_d1694-1768.
_911956
245 1 0 _aReimarus, fragments /
_cedited by Charles H. Talbert ; translated by Ralph S. Fraser.
260 _aChico, Calif. :
_bScholars Press,
_c1985, c1970.
300 _av, 279 p. ;
_c19 cm.
490 1 _aScholars Press reprints and translations
500 _aReprint. Originally published: Fragments. Philadelphia : Fortress Press, 1970.
500 _aIncludes index.
504 _aBibliography: p. [273-274]
600 0 0 _aJesus Christ
_xRationalistic interpretations.
_911957
600 0 0 _aJesus Christ
_xHistory of doctrines
_y18th century.
_911958
650 0 _aChristianity
_xOrigin.
_911959
700 1 _aTalbert, Charles H.
_911960
830 0 _aScholars Press reprints and translations series.
_911961
942 _2lcc
_cMONOGRAPH
999 _c121042
_d121042